Normal view
MARC view
Entry Nombre de reunión
001 - NÚMERO DE CONTROL
- campo de control: 61966
003 - IDENTIFICADOR DEL NÚMERO DE CONTROL
- campo de control: OSt
005 - FECHA Y HORA DE LA ÚLTIMA TRANSACCIÓN
- campo de control: 20200615035254.0
008 - DATOS DE LONGITUD FIJA
- campo de control de longitud fija: 200615|| aca||aabn | a|a d
040 ## - FUENTE DE LA CATALOGACIÓN
- Centro catalogador/agencia de origen: OSt
- Centro/agencia transcriptor: OSt
111 ## - ENCABEZAMIENTO--NOMBRE DE CONGRESO/REUNIÓN
- Nombre de congreso/reunión o jurisdicción como elemento de entrada: Exposición Bienal de Artes Plásticas
- Número del congreso/reunión o número de parte o sección: (11va :
- Fecha del congreso/reunión: 19 de agost. 1963 :
- Sede del congreso/Lugar de la reunión: Santo Domingo)
670 ## - FUENTE DE DATOS ENCONTRADOS
- Cita de la fuente: Work cat.: (OSt)35433: Exposición Bienal de Artes Plásticas (11va : 19 de agost. 1963 : Santo Domingo), Décimo Primera Exposición Bienal de Artes Plásticas., [1963].
